| 000 | 00488nam a2200193Ia 4500 | ||
|---|---|---|---|
| 003 | 0100 | ||
| 008 | 130303s9999 xx 000 0 und d | ||
| 040 | _cARRUPELIB | ||
| 050 | _aBX2200.M46 | ||
| 100 | _aMejia, Rodrigo | ||
| 245 | _aSeeking and finding God in all things | ||
| 260 | _aAfrica | ||
| 260 | _bSt. Paul Publications | ||
| 260 | _C1986 | ||
| 650 | _bSex Roles -- Psychological aspects | ||
| 650 | _cIdentification (psychology) | ||
| 700 | _aRodrigo Mejia | ||
| 942 | 0 | 0 | _01 |
| 999 |
_c23004 _d23004 |
||